000 00748cam a22002411 4500
001 sa 65002851
003 DLC
005 20260227112119.0
008 790705s1963 ii b 000 0 eng
010 _asa 65002851
035 _a(OCoLC)5142148
040 _aDLC
_cTxCM
_dDLC
042 _apremarc
050 0 0 _aSB191.R9
_bD45
100 1 _aDeodikar, Govind Balakrishna.
245 1 0 _aRye:
_bSecale cereale Linn,
_cby G. B. Deodikar.
260 _aNew Delhi,
_bIndian Council of Agricultural Research
_c[c1963]
300 _aviii, 152 p.
490 1 _aI.C.A.R. cereal crop series,
_vno. 3
504 _aIncludes bibliographies.
650 0 _aRye.
810 2 _aIndian Council of Agricultural Research.
_tI.C.A.R. cereal crop series ;
_vno. 3.
999 _c62851
_d62851